Kinevezések az orvosegyetemen
Elmentve itt :
| Dokumentumtípus: | Cikk |
|---|---|
| Megjelent: |
1977-07-01
|
| Sorozat: | Délmagyarország
67 No. 153 |
| Kulcsszavak: | Orvostudományi Egyetem 1975- |
| Online Access: | http://dmarchiv.bibl.u-szeged.hu/117576 |
| LEADER | 00416nab a2200145 i 4500 | ||
|---|---|---|---|
| 001 | delm117576 | ||
| 005 | 20190529092424.0 | ||
| 008 | 190529s1977 hu o 0|| hun d | ||
| 040 | |a SZTE Délmagyarország Archívum |b hun | ||
| 041 | |a hun | ||
| 245 | 0 | 0 | |a Kinevezések az orvosegyetemen |h [elektronikus dokumentum] |
| 260 | |c 1977-07-01 | ||
| 300 | |a 5 | ||
| 490 | 0 | |a Délmagyarország |v 67 No. 153 | |
| 695 | |a Orvostudományi Egyetem 1975- | ||